| 000 | 00315nam a2200109 4500 | ||
|---|---|---|---|
| 999 |
_c13069 _d13069 |
||
| 008 | 190207b ||||| |||| 00| 0 eng d | ||
| 245 |
_aDue to vaccines?: _bVaccines blamed for death of 2 infants. |
||
| 260 |
_aDavao City _bSun Star Davao _cc2017 |
||
| 300 | _apage 5. | ||
| 650 | 0 |
_936734 _aVaccines. |
|
| 942 |
_2ddc _cPER |
||